|
|
|
|
| LEADER |
01489nam a2200265 a 4500 |
| 001 |
GR-Patra14164 |
| 008 |
010129s1999 gr e 000 b gre d |
| 020 |
|
|
|a 9604059068
|
| 040 |
|
|
|a GrPaTEI
|b gre
|c GR-PaULI
|
| 040 |
|
|
|a GrPaTEI
|b gre
|c GR-PaULI
|
| 082 |
|
0 |
|a 697.044
|2 21
|
| 100 |
1 |
|
|a Weinberger, Herb
|
| 245 |
1 |
0 |
|a Καυστήρες πετρελαίου :
|b Εγκατάσταση και συντήρηση /
|c Herb Weinberger ; Μετάφραση: Ιωάννης Χατήρης ; Επιμέλεια: Παναγιώτης Φαντάκης.
|
| 260 |
|
|
|a [Αθήνα] :
|b Εκδόσεις Ίων,
|c c1999
|
| 300 |
|
|
|a 394σ.
|
| 500 |
|
|
|a Τίτλος πρωτοτύπου: Residential oil burners
|
| 650 |
|
4 |
|a ΚΕΝΤΡΙΚΕΣ ΘΕΡΜΑΝΣΕΙΣ
|
| 700 |
1 |
|
|a Χατήρης, Ι.
|
| 710 |
0 |
|
|a Ιων
|
| 942 |
|
|
|2 ddc
|
| 952 |
|
|
|0 0
|1 0
|2 ddc
|4 0
|6 697_044000000000000_WEI
|7 0
|9 293140
|a LISK
|b LISK
|c BSC
|d 2021-01-17
|e 24
|f 0
|g 0.00
|l 0
|o 697.044 WEI
|p 92410017575
|r 2021-01-17 00:00:00
|t 1
|w 2021-01-17
|y BK15
|x 20010129 0 1
|x GrPaTEI
|
| 952 |
|
|
|0 0
|1 0
|2 ddc
|4 0
|6 697_044000000000000_WEI
|7 0
|9 293141
|a LISK
|b LISK
|c BSC
|d 2021-01-17
|e 24
|f 0
|g 0.00
|l 0
|o 697.044 WEI
|p 92410017576
|r 2021-01-17 00:00:00
|t 1
|w 2021-01-17
|y BK15
|x 20010129 0 1
|x GrPaTEI
|
| 952 |
|
|
|0 0
|1 0
|2 ddc
|4 0
|6 697_044000000000000_WEI
|7 0
|9 293142
|a LISK
|b LISK
|c BSC
|d 2021-01-17
|e 24
|f 0
|g 0.00
|l 0
|o 697.044 WEI
|p 92410020774
|r 2021-01-17 00:00:00
|t 1
|w 2021-01-17
|y BK15
|x 20030606 0 1
|x GrPaTEI
|
| 971 |
|
|
|a .b26616798
|b 16-04-20
|c 23-09-16
|
| 999 |
|
|
|c 171362
|d 171362
|